Guide aims for access for all (Record no. 117344)

MARC details
000 -LEADER
fixed length control field 01229cam a2200229 4500
001 - CONTROL NUMBER
control field WB4018-10
008 - FIXED-LENGTH DATA ELEMENTS--GENERAL INFORMATION
fixed length control field 040513n2004 000 0 eng u
035 ## - SYSTEM CONTROL NUMBER
System control number (Sirsi) u126181
245 ## - TITLE STATEMENT
Title Guide aims for access for all
260 ## - PUBLICATION, DISTRIBUTION, ETC.
Date of publication, distribution, etc. 2004
490 ## - SERIES STATEMENT
Series statement Planning (for the Natural and Built Environment)
Volume/sequential designation (1568) 7 May 2004, 4(1)
520 ## - SUMMARY, ETC.
Summary, etc. The Greater London Authority has published a guide to promote access to the built environment for disabled people in London. The guide, "Accessible London: achieving an inclusive environment" is the first Supplementary Planning Guidance to the London Plan. It provides detail on the policies in the London Plan which promote inclusive design and access to the built environment for disabled people, including policies on accessible housing. The guide is available on the Greater London Assembly website, http://www.london.gov.uk/mayor/strategies/sds/acce ssible_london.jsp.
590 ## - LOCAL NOTE (RLIN)
Local note WB
590 ## - LOCAL NOTE (RLIN)
Local note WB
650 ## - SUBJECT ADDED ENTRY--TOPICAL TERM
Topical term or geographic name entry element LONDON
650 ## - SUBJECT ADDED ENTRY--TOPICAL TERM
Topical term or geographic name entry element MANAGEMENT-BUSINESS MANAGEMENT-DISCRIMINATION-DISABILITY DISCRIMINATION-ACCESSIBILITY
650 ## - SUBJECT ADDED ENTRY--TOPICAL TERM
Topical term or geographic name entry element BUILT ENVIRONMENT
650 ## - SUBJECT ADDED ENTRY--TOPICAL TERM
Topical term or geographic name entry element ACCESSIBLE HOUSING
650 ## - SUBJECT ADDED ENTRY--TOPICAL TERM
Topical term or geographic name entry element PLANNING GUIDANCE
690 ## - LOCAL SUBJECT ADDED ENTRY--TOPICAL TERM (OCLC, RLIN)
Topical term or geographic name as entry element PLANNING-PRACTICE
942 ## - ADDED ENTRY ELEMENTS (KOHA)
Suppress in OPAC 0
Holdings
Withdrawn status Lost status Source of classification or shelving scheme Damaged status Not for loan Home library Current library Shelving location Date acquired Total Checkouts Full call number Barcode Date last seen Copy number Price effective from Koha item type
    Dewey Decimal Classification     London London News article 13/05/2004   WB4018-10 126181-1001 06/08/2019 1 06/08/2019 News article